| 000 | 01333nam a2200337 a 4500 | ||
|---|---|---|---|
| 001 | 000114328 | ||
| 003 | CHAP | ||
| 005 | 20220329144436.0 | ||
| 008 | 180111s2017 mx sm |||||||spa d | ||
| 010 | _a110789 | ||
| 011 | _a111761 | ||
| 040 | _cCHAP | ||
| 090 | _aTesis | ||
| 100 | 1 |
_aPiza Núñez, Estefania Grissel _9134279 |
|
| 245 | 1 | 0 |
_aEvaluación del escurrimiento calculado con los metodos de Green-Ampt y curva numérica en la cuenca del río Chapingo _h[En línea] _cpor Estefania Grissel Piza Núñez. |
| 260 |
_aChapingo, Méx. : _bEl autor, _c2017. |
||
| 500 | _aPara ver el contenido del material haga clic en la liga | ||
| 502 | _aTesis (Ing. en Recursos Naturales Renovables) -- UACH. Departamento de Suelos | ||
| 590 |
_aE11695DGD _b10 _c20180117 _lUCH01 _h1011 |
||
| 590 |
_aE6339RRR _b05 _c20180111 _lUCH01 _h1342 |
||
| 590 |
_aE6339RRR _b05 _c20180111 _lUCH01 _h1343 |
||
| 590 |
_aE6339RRR _b05 _c20180111 _lUCH01 _h1347 |
||
| 650 | 1 | 4 |
_aCuencas hidrológicas. _930092 |
| 650 | 1 | 4 |
_aCuencas hidrológicas _xEscurrimientos _xModelos matemáticos. _9132176 |
| 650 | 1 | 4 |
_aEscurrimientos _xMedición. _9133075 |
| 650 | 1 | 4 |
_aEscurrimientos _xMétodos gráficos en computación. _9132331 |
| 856 |
_aFinding aid _uhttp://10.13.5.2/tesis/sist114328.pdf _zTeclea aquí |
||
| 901 | _aBK | ||
| 942 | _cLIBRO | ||
| 942 | _n0 | ||
| 999 |
_c110789 _d110789 |
||